000 00645nam a2200229Ia 4500
003 OSt
005 20220926020511.0
006 a|||||r|||| 00| 0
007 ta
008 220923b |||||||| |||| 00| 0 eng d
020 _a9780367510701
037 _cGeneral Book
040 _aRTL
_cRTL
_beng
041 _2eng
_aeng
082 _aX9(M7).2, R0
100 _aROY Tirthankar
245 0 _aCrafts and capitalism
_b Handloom weaving industry in Colonial India
260 _aNew York
_bRoutledge
_c2020
300 _axiv,186p
_ccm.
942 _hX9(M7).2, R0
_cGB
_2CC
999 _c634394
_d634394